|
|
|
|
| LEADER |
00776cam a2200181 a 4500 |
| 003 |
GR-PaULI |
| 005 |
20250227101314.0 |
| 008 |
020909s1945 gr c g 000 p fre |
| 040 |
|
|
|a GR-PaULI
|b gre
|c GR-PaULI
|e AACR2
|
| 082 |
0 |
4 |
|a 889.12
|2 23
|
| 100 |
1 |
|
|a Σολωμός, Διονύσιος,
|d 1798-1857,
|4
|9 167437
|e συγγραφέας.
|
| 245 |
1 |
0 |
|a Solomos :
|b Introduction, prose et poemes /
|c Robert Levesque.
|
| 260 |
|
|
|a [Athenes] :
|b Icar0s,
|c 1945.
|
| 300 |
|
|
|a 98 σ. :
|b εικ. ;
|c 25 εκ.
|
| 700 |
1 |
|
|a Levesque, Robert
|4
|9 208557
|e επιμελητής.
|
| 942 |
|
|
|c BK
|2 ddc
|
| 952 |
|
|
|0 0
|1 0
|2 ddc
|4 0
|6 889_120000000000000_ΣΟΛ
|7 0
|9 388107
|a LISP
|b LISP
|c DON
|d 2025-02-27
|e ΠΑΝ
|i 096578
|l 0
|o 889.12 ΣΟΛ
|p 025000158059
|r 2025-02-27 10:14:04
|t 1
|w 2025-02-27
|y BKN
|
| 999 |
|
|
|c 225190
|d 225190
|